000 00256nam a2200085Ia 4500
245 0 _aSet in stone
100 _a DUNNE, Catherine Rearsby, Leicester, 2010 - [c.2009] Large print ed
_977756
942 _cBK
008 210817s9999 xx 000 0 und d
999 _c266755
_d266754